Normal view MARC view

Entry Topical Term

Number of records used in: 1

001 - CONTROL NUMBER

  • control field: 815401

003 - CONTROL NUMBER IDENTIFIER

  • control field: OSt

005 - DATE AND TIME OF LATEST TRANSACTION

  • control field: 20250711154250.0

008 - FIXED-LENGTH DATA ELEMENTS

  • fixed length control field: 250711|| aca||aabn | a|a d

040 ## - CATALOGING SOURCE

  • Original cataloging agency: OSt
  • Transcribing agency: OSt

150 ## - HEADING--TOPICAL TERM

  • Topical term or geographic name entry element: वैदिक धर्म

670 ## - SOURCE DATA FOUND

  • Source citation: Work cat.: (OSt)1433585: वेदालंकार, जयदेव, वैदिक दर्शन, 2017.
Copyright @ Delhi University Library System